000 00440nam a2200181Ia 4500
001 24086
005 20260414151020.0
008 260414t2021||||xx |||||||||||||| ||spa||
041 _aESP
082 _a770.9285
_bB38
100 _aBelón Lemoine, Juan Carlos,
_eAUT
245 0 _aSin interés aparente
_b
260 _c2021
300 _aPáginas sin numerar :
_c23 cm.
650 _aABD
654 _aCAU
942 _cLIB
_dJUS
_fJUS
_2ddc
_n
999 _c24086
_d24086